zpět

Detail výsledku týmu

U Jelena, Liberec

Datum a čas kvízu

41 Celkem bodů Celkový počet nahraných bodů na tomto kvízu bez doplňovacích otázek.
3. Pořadí na kvízu Konečné umístění týmu na tomto kvízu.

Zaznamenané odpovědi

# Otázka Odpověď Body Výsledky
1. V Klatovech se v rámci nadcház... A 1
2. Parlament kterého tichomořskéh... A 0
3. Poprvé ve své historii ovládlo... Dara 0
4. Ministr spravedlnosti Jeroným... B) 3 lety 0
5. Na okruhu ležícím poblíž jedno... Most 1
6. Vítězné téma facebookového hla... 36 týmů 1
7. Ve kterých třech jazycích je s... angličtina, francouzština, němčina 0.5
8. Pokud budeme počítat i předchů... C 0
9. K památnému finále došlo v roc... Vladimír Šmicer, Milan Baroš 1
10. Historicky nejlepšími střelci... Robert Lewandowski 1